[Event "Palic Karadzic Memorial op"]
[Site "Palic"]
[Date "2016.10.29"]
[Round "1"]
[White "Solymosi, Andras"]
[Black "Tosic, Miroslav"]
[Result "0-1"]
[WhiteElo "2039"]
[BlackElo "2389"]
[PlyCount "58"]
[EventDate "2016.10.29"]
[EventType "swiss"]
[EventRounds "9"]
[EventCountry "SRB"]
[SourceTitle "CBM 175 Extra"]
[Source "ChessBase"]
[SourceDate "2016.12.12"]
[SourceVersion "1"]
[SourceVersionDate "2016.12.12"]
[SourceQuality "1"]

1. Nf3 c5 2. g3 g6 3. Bg2 Bg7 4. 0-0 Nc6 5. c4 d6 6. Nc3 e5 7. d3 Nge7 8. e4 0-0 9. Nd5 h6 10. Re1 Rb8 11. Bd2 b5 12. b4 Nxd5 13. cxd5 Nxb4 14. Bxb4 cxb4 15. d4 a5 16. dxe5 dxe5 17. Qd3 Qd6 18. Rec1 Bd7 19. Rc2 Rfc8 20. Rac1 Rxc2 21. Rxc2 a4 22. Qd2 Rc8 23. Ne1 Rc4 24. Qc1 Qc5 25. Bf1 Rxc2 26. Qxc2 Qxc2 27. Nxc2 Bf8 28. Bd3 b3 29. axb3 a3 0-1

[Event "Senta op 20th"]
[Site "Senta"]
[Date "2016.07.29"]
[Round "9"]
[White "Solymosi, Andras"]
[Black "Vranic, Ljubomir"]
[Result "0-1"]
[WhiteElo "1992"]
[BlackElo "2152"]
[PlyCount "42"]
[EventDate "2016.07.22"]
[EventType "swiss"]
[EventRounds "9"]
[EventCountry "SRB"]
[SourceTitle "EXT 2017"]
[Source "ChessBase"]
[SourceDate "2016.10.25"]
[SourceVersion "1"]
[SourceVersionDate "2016.10.25"]
[SourceQuality "1"]

1. Nf3 d5 2. d4 Nf6 3. g3 Bf5 4. Bg2 e6 5. 0-0 Nbd7 6. Nbd2 h6 7. c4 c6 8. b3 Be7 9. Bb2 0-0 10. Nh4 Bh7 11. f4 Ng4 12. Qc1 Bxh4 13. gxh4 Qxh4 14. Nf3 Qh5 15. h3 Ngf6 16. c5 Ne4 17. b4 Bf5 18. Kh2 g5 19. Rg1 g4 20. Qf1 g3+ 21. Kh1 Nf2+ 0-1